000 00407nam a2200157Ia 4500
008 231217s9999 xx 000 0 und d
041 _aEnglish
082 _a658.076 MUN1;1 R
100 _aMuneer, MuhammedVenkataramani, GRegina, C A
245 0 _aHow to prepare for the CAT enhanced
250 _a2nd ed.
260 _c2003
_bTMH
_aNew Delhi
300 _aix+507
300 _cCD2081
942 _cAA
999 _c174960
_d174960